Paul as pastor : (Record no. 9452)

MARC details
000 -LEADER
fixed length control field 01483nam a22003497a 4500
003 - CONTROL NUMBER IDENTIFIER
control field GBCCL
005 - DATE AND TIME OF LATEST TRANSACTION
control field 20241126110712.0
008 - FIXED-LENGTH DATA ELEMENTS--GENERAL INFORMATION
fixed length control field 221213b ||||| |||| 00| 0 eng d
020 ## - INTERNATIONAL STANDARD BOOK NUMBER
International Standard Book Number 9780857460462
040 ## - CATALOGING SOURCE
Original cataloging agency DLC
Language of cataloging eng
Transcribing agency gbc
Description conventions rda
Modifying agency DLC
042 ## -
-- pcc
050 00 -
-- BS2655.P3
-- P38 2018
082 00 - DEWEY DECIMAL CLASSIFICATION NUMBER
Classification number 253
Edition information 23
Item number WHI
100 ## - MAIN ENTRY--PERSONAL NAME
Personal name Whitworth, Patrick
9 (RLIN) 16490
245 00 - TITLE STATEMENT
Title Paul as pastor :
Statement of responsibility, etc. Biblical insights for pastoral ministry
264 #1 - PRODUCTION, PUBLICATION, DISTRIBUTION, MANUFACTURE, AND COPYRIGHT NOTICE
Place of production, publication, distribution, manufacture UK :
Name of producer, publisher, distributor, manufacturer The Bible reading fellowship,
Date of production, publication, distribution, manufacture, or copyright notice 2012
300 ## - PHYSICAL DESCRIPTION
Extent 184 pages ;
Dimensions 24 cm
336 ## - CONTENT TYPE
Content type term text
Content type code txt
Source rdacontent
337 ## - MEDIA TYPE
Media type term unmediated
Media type code n
Source rdamedia
338 ## - CARRIER TYPE
Carrier type term volume
Carrier type code nc
Source rdacarrier
504 ## - BIBLIOGRAPHY, ETC. NOTE
Bibliography, etc. note Includes bibliographical references and indexes.
600 00 - SUBJECT ADDED ENTRY--PERSONAL NAME
Personal name Paul,
Titles and other words associated with a name the Apostle, Saint.
9 (RLIN) 1848
630 00 - SUBJECT ADDED ENTRY--UNIFORM TITLE
Uniform title Bible.
Name of part/section of a work Epistles of Paul
General subdivision Criticism, interpretation, etc.
9 (RLIN) 2197
630 00 - SUBJECT ADDED ENTRY--UNIFORM TITLE
Uniform title Bible.
Name of part/section of a work Acts
General subdivision Criticism, interpretation, etc.
9 (RLIN) 2267
650 #0 - SUBJECT ADDED ENTRY--TOPICAL TERM
Topical term or geographic name entry element Pastoral care
General subdivision Biblical teaching.
9 (RLIN) 16491
650 #0 - SUBJECT ADDED ENTRY--TOPICAL TERM
Topical term or geographic name entry element Pastoral theology
General subdivision Biblical teaching.
9 (RLIN) 15541
700 1# - ADDED ENTRY--PERSONAL NAME
Personal name Rosner, Brian S.,
Relator term editor.
9 (RLIN) 4531
776 08 - ADDITIONAL PHYSICAL FORM ENTRY
Relationship information Online version:
Title Paul as pastor
Place, publisher, and date of publication New York : Bloomsbury Academic T&T Clark, 2017
International Standard Book Number 9780567677945
Record control number (DLC) 2017040819
906 ## - LOCAL DATA ELEMENT F, LDF (RLIN)
a 7
b cbc
c orignew
d 1
e ecip
f 20
g y-gencatlg
942 ## - ADDED ENTRY ELEMENTS (KOHA)
Source of classification or shelving scheme Dewey Decimal Classification
Koha item type Books
Koha issues (borrowed), all copies 1
Holdings
Withdrawn status Lost status Source of classification or shelving scheme Damaged status Not for loan Home library Current Library Shelving location Date acquired Total checkouts Full call number Barcode Date last seen Date last checked out Copy number Price effective from Koha item type
    Dewey Decimal Classification     GRACE BIBLE COLLEGE GRACE BIBLE COLLEGE Ministry & Mission 2022-12-13 1 253 WHI 015948 2025-05-01 2023-08-24 c.1 2022-12-13 Books
© Grace Bible College Library 2025